Fundamentos de estrategia empresarial (Registro nro. 2729)
[ vista simple ]
| 000 -Cabecera | |
|---|---|
| Campo de control de longitud fija | 00941aam a2200337 4500 |
| 005 - Fecha y hora de la última transacción | |
| Campo de control | 20250523140744.0 |
| 008 - Elementos de longitud fija--Información general | |
| Campo de control de longitud fija | 150609b2008 xxu||||| |||| 00| 0 spa d |
| 041 ## - Idioma | |
| Código de idioma | |
| 082 ## - Clasificación Decimal Dewey | |
| Número de clasificación | 658.401.2 T196f |
| 100 ## - Entrada principal--Autor personal | |
| Nombre personal | Tarzijan, Jorge |
| 9 (RLIN) | 23957 |
| 245 ## - Título propiamente dicho | |
| Título | Fundamentos de estrategia empresarial |
| 260 ## - Pie de imprenta | |
| Lugar de publicación, distribución, etc. | México |
| 260 ## - Pie de imprenta | |
| Nombre del editor, distribuidor, etc. | Alfaomega |
| 260 ## - Pie de imprenta | |
| Fecha de publicación, distribución, etc. | 2008 |
| 300 ## - Descripción física | |
| Extensión | 496 páginas |
| 650 ## - Materia general | |
| Temática (materia general) | PLANIFICACIÓN Y ELABORACIÓN DE POLÍTICAS |
| 650 ## - Materia general | |
| Temática (materia general) | ADMINISTRACIÓN ESTRATÉGICA |
| 650 ## - Materia general | |
| Temática (materia general) | ESTRATEGIA COMPETITIVA |
| 650 ## - Materia general | |
| Temática (materia general) | PENSAMIENTO ESTRATÉGICO |
| 650 ## - Materia general | |
| Temática (materia general) | RENTABILIDAD DE LAS EMPRESAS |
| 650 ## - Materia general | |
| Temática (materia general) | VENTAJA COMPETITIVA |
| 650 ## - Materia general | |
| Temática (materia general) | ESTRATÉGIAS GENÉRICAS |
| 650 ## - Materia general | |
| Temática (materia general) | CADENA DE VALOR |
| 650 ## - Materia general | |
| Temática (materia general) | ESTRATEGIA CORPORATIVA |
| 650 ## - Materia general | |
| Temática (materia general) | LIMITES HORIZONTALES |
| 650 ## - Materia general | |
| Temática (materia general) | ALIANZAS |
| 650 ## - Materia general | |
| Temática (materia general) | FRANQUICIAS |
| 650 ## - Materia general | |
| Temática (materia general) | RESTRICCIONES VERTICALES |
| 942 ## - Punto de acceso adicional KOHA | |
| Tipo de ítem KOHA | Libro |
| Fuente del sistema de clasificación o colocación | Dewey Decimal Classification |
| Signatura completa | Código de barras | Programa Académico | Tipo de ítem |
|---|---|---|---|
| 658.401.2 T196f | 15973 | Libro | |
| 658.401.2 T196f | 15974 | Libro |